00822nam a2200241 a 4500001000800000005001700008008004100025010001700066040001800083050002200101082002300123245008700146260003400233300003300267500002800300504002100328650001700349650002800366700002600394942001200420999001700432952013100449194450619870218000000.0861120s1986 nyua b 001 0 eng  a 86225369  aDLCcDLCdDLC00aTP363b.D794 198600a660.28426222bDRY00aDrying of Solids :bRecent International Developments /ceditor, Arun S. Mujumdar. aNew York :bJ. Wiley,cc1986. axi, 342 p. :bill. ;c29 cm. a"A Halsted Press book." aIncludes indexes 0aDrying97316 0aDrying apparatus.973171 aMujumdar, A. S.97318 2ddccBB c12139d12139 00102ddc40708Alef-BaaaMAINbMAINc1STd2009-06-30epurchaseg150.00l0o660.28426 DRYp000017195r2025-07-15 00:00:00yBB